000
00297nam a22001337a 4500
008
170724b xxu||||| |||| 00| 0 eng d
020
_a
9780471241003
041
_a
eng
080
_a
004
100
_a
29
101
_a
SHKI
245
_a
SYSTEMS ANALYSIS AND DESIGN
_c
DENNIS, A
942
_2
udc
_c
BK
999
_c
21809
_d
21809